Statistics for Movie Titles With the Same Word in the Middle

Click here to take the quiz!

General Stats

  • This quiz has been taken 2,271 times
  • The average score is 13 of 15

Answer Stats

Movie Titles Answer % Correct
Men in _____ SwanBlack
99%
The Empire Strikes _____ To the FutureBack
98%
The Scorpion _____ KongKing
98%
Stuart _____ Miss SunshineLittle
98%
Free _____ Wonka & the Chocolate FactoryWilly
98%
Independence _____ Of the DeadDay
97%
Deep Blue _____ BiscuitSea
95%
Harry Potter and the Half-Blood _____ Of Persia: The Sands of TimePrince
92%
Homeward Bound: The Incredible _____ To the Center of the EarthJourney
91%
Cast _____ We GoAway
87%
Fool's _____ FingerGold
87%
Lara Croft Tomb Raider: The Cradle of _____ Is BeautifulLife
81%
Lost in _____ BallsSpace
71%
Inside _____ On FireMan
55%
Open _____ WorldWater
45%

Score Distribution

Percentile by Number Answered

Percent of People with Each Score

Your Score History

You have not taken this quiz